First 100 Words of Pride and Prejudice - Statistics

General Stats
  • This quiz has been taken 121 times
  • The average score is 52 of 100
Answer Stats
Answer % Correct
a
97%
be
90%
in
86%
of
83%
is
82%
the
82%
man
81%
that
80%
It
79%
it
79%
wife.
71%
want
69%
he
66%
must
64%
fortune,
62%
good
59%
truth
59%
possession
58%
to
58%
universally
58%
acknowledged,
57%
his
56%
on
56%
you
56%
Bennet,"
54%
Bennet
54%
Mr
54%
single
48%
so
47%
said
44%
at
42%
as
39%
"have
39%
this
39%
not.
38%
daughters.
34%
their
33%
"My
32%
one
32%
him
31%
known
31%
lady
31%
Netherfield
31%
day,
30%
heard
30%
had
28%
let
28%
or
28%
may
27%
last?"
26%
such
24%
"But
23%
Park
23%
well
23%
dear
22%
some
21%
little
20%
first
18%
replied
18%
entering
17%
However
17%
neighborhood,
16%
other
16%
views
16%
feelings
14%
fixed
14%
property
14%
minds
13%
rightful
13%
surrounding
12%
families
11%
considered
10%
No matching quizzes found
Score Distribution
Percent of People with Each Score
Percentile by Number Answered
Your Score History
You have not taken this quiz